SAT Words HARD Click Quiz - E #2 - Statistics

General Stats
  • This quiz has been taken 339 times
  • The average score is 9 of 15
Answer Stats
Hint Answer % Correct
Level or rank in society Echelon
86%
Practice of eating insects Entomophagy
86%
Heavenly, blissful Elysian
76%
Religious hermit living in seclusion Eremite
73%
Place oneself cozily and securely Ensconce
72%
Lacking teeth; toothless Edentulous
70%
Mental calmness and composure Equanimity
69%
Shining brightly; radiant Effulgent
57%
Vivid and detailed visual recall Eidetic
56%
Exact replica of a work of art Ectype
54%
Adolescent, youth, young man Ephebe
53%
Bad odour; unpleasant smell Effluvium
46%
Become weakly from lack of sun Etiolate
42%
Idealized person or image; or, phantom Eidolon
31%
Unisex, androgynous, or ungendered Epicene
14%
No matching quizzes found
Score Distribution
Percent of People with Each Score
Percentile by Number Answered
Your Score History
You have not taken this quiz